00370nam a2200133Ia 450000500170000000800410001702000180005808200200007610000210009624500500011726000270016730000110019465000310020520250305140903.0231217s9999 xx 000 0 und d a9788131412039 a320.84 MEN;1 R aMenon, Sudha ed. 0aPanchayati raj : perspectives and experiences c2007bIcfaiaHyderabad ax, 225 aPanchayati,raj,experiences